000 00516nam a22001937a 4500
005 20260423165248.0
008 260423b |||||||| |||| 00| 0 eng d
037 _cDSWL
040 _aDSWL
_cDSWL
041 _heng
084 _aYX:f Q4
100 _aFlick, Uwe
245 _aIntroduction to Qualitative Research
260 _aNew Delhi,
_bSage Publication,
_c2014
300 _a585p
365 _aINR
_b595
942 _2CC
_cTEXL
_hYX:f Q4
_n0
999 _c1848469
_d1848469